Słowa i ich synonimy - Czy dasz radę odpowiednio je połączyć? - Statystyki

Ogólne statystyki
  • Ten quiz został rozwiązany 31 razy
  • Średni wynik to 4 z 8
Statystyki odpowiedzi
Zagadnienie Odpowiedź % Poprawnych
Do którego słowa pasuje synonim "nobliwy"? osoba dostojna
60%
Do którego słowa pasuje synonim "amikus"? przyjaciel
60%
Do którego słowa pasuje synonim "donżuan"? uwodziciel
60%
Do którego słowa pasuje synonim "szczapa"? drewno
40%
Do którego słowa pasuje synonim "filantropia"? pomoc
40%
Do którego słowa pasuje synonim "estyma"? szacunek
40%
Do którego słowa pasuje synonim "fizys"? twarz
40%
Do którego słowa pasuje synonim "noeza"? intuicja
20%
Nie znaleziono quizów pasujących do podanych kryteriów
Rozkład punktacji
Procent ludzi z każdym wynikiem
Percentyl według liczby udzielonych odpowiedzi
Twoja historia wyników
Nie rozwiązałeś tego quizu